header

Laws, nominations and legal issues (Record no. 76180)

MARC details
000 -LEADER
fixed length control field 01515nam a2200373Ia 4500
082 04 - DEWEY DECIMAL CLASSIFICATION NUMBER
Classification number 349.73
245 00 - TITLE STATEMENT
Title Laws, nominations and legal issues
260 ## - PUBLICATION, DISTRIBUTION, ETC. (IMPRINT)
Place of publication New York :
Name of publisher Nova Science Publishers,
Year of publication c2011.
300 ## - PHYSICAL DESCRIPTION
Number of Pages xvi, 343 p. :
Other physical details ill.
490 0# - SERIES STATEMENT
Series statement Congressional policies, practices and procedures
Series statement Laws and legislation
500 ## - GENERAL NOTE
General note Contains edited, excerpted and augmented editions of CRS reports.
650 #0 - SUBJECT ADDED ENTRY--TOPICAL TERM
Topical Term Law
Topical Term Legislation
700 1# - ADDED ENTRY--PERSONAL NAME
Personal name O'Grady, Thomas W.
Personal name Stern, Howard D.
856 40 - ELECTRONIC LOCATION AND ACCESS
Uniform Resource Identifier http://site.ebrary.com/lib/rucke/Doc?id=10654878

No items available.

© 2026 Rongo University
Contact us: librarian | system librarian | Rongo university